|
|
|
|
| LEADER |
00000ny a22000003n 4500 |
| 005 |
2011060601321.0 |
| 008 |
970310s1986 sp s 000 0 spa c |
| 017 |
|
|
|a B25967-1986
|
| 020 |
|
|
|a 847294204X
|
| 035 |
|
|
|a 1213
|
| 040 |
|
|
|a UMA.DER
|d vLex
|
| 040 |
|
|
|a UMA.RE
|d vLex
|
| 080 |
|
|
|a 347.734:347.757(460)
|
| 080 |
|
|
|a 347.757(460):347.734
|
| 090 |
|
|
|c 502
|d 502
|
| 100 |
1 |
|
|a Gispert Pastor, M® Teresa
|
| 245 |
1 |
4 |
|a Los crďitos sindicados :
|b su integracin̤ en el sistema jurd̕ico espaǫl
|h [Recurso electrn̤ico]
|c M® Teresa de Gispert Pastor
|
| 256 |
|
|
|a Servicio en ln̕ea
|
| 260 |
|
|
|a Barcelona :
|b Bosch,
|c 1986
|
| 300 |
|
|
|a XIV, 325 p. ;
|c 24 cm
|
| 504 |
|
|
|a Bibliografa̕
|
| 506 |
1 |
|
|a Contenido solo disponible en los productos indicados
|d vLex Global
|d vLex Global (Academic Edition, excluding Law Schools)
|d vLex Global (U.S. Academic Edition, Law Schools)
|d vLex Global (U.S. Academic Edition, excluding Law Schools)
|d vLex Global (Academic Edition, Law Schools)
|
| 650 |
0 |
7 |
|a Contratos bancarios
|2 Tesauro vLex
|
| 650 |
0 |
7 |
|a Mercantil
|2 Tesauro vLex
|
| 650 |
0 |
7 |
|a Contrato de crďito
|2 Tesauro vLex
|
| 740 |
0 |
|
|a vLex Libros (Servicios en ln̕ea)
|
| 856 |
4 |
0 |
|u http://vlex.com/source/1213
|z Acceso restringido
|
| 942 |
|
|
|c BOOK
|
| 999 |
0 |
|
|a Mercantile system
|b Barcelona
|